The property makeover price guide (Record no. 105991)

MARC details
000 -LEADER
fixed length control field 01508cam a2200265 4500
001 - CONTROL NUMBER
control field ##L135300
008 - FIXED-LENGTH DATA ELEMENTS--GENERAL INFORMATION
fixed length control field 061010n2006 000 0 eng u
020 ## - INTERNATIONAL STANDARD BOOK NUMBER
International Standard Book Number 1904829465
-- 9781904829522
035 ## - SYSTEM CONTROL NUMBER
System control number (Sirsi) u135300
041 0# - LANGUAGE CODE
Language code of text/sound track or separate title eng
050 04 - LIBRARY OF CONGRESS CALL NUMBER
Classification number 692.5 $2 18
110 2# - MAIN ENTRY--CORPORATE NAME
Corporate name or jurisdiction name as entry element Building Cost Information Service
9 (RLIN) 1096
245 04 - TITLE STATEMENT
Title The property makeover price guide
Remainder of title organising and budgeting for home improvers and developers
260 ## - PUBLICATION, DISTRIBUTION, ETC.
Place of publication, distribution, etc. London
Name of publisher, distributor, etc. BCIS
Date of publication, distribution, etc. 2006
300 ## - PHYSICAL DESCRIPTION
Extent 209p.
Dimensions 25cm.
350 ## - PRICE (NR) (BK AM CF MU VM SE) [OBSOLETE]
Price 17.99
505 1# - FORMATTED CONTENTS NOTE
Formatted contents note Cost information -- Employing a contractor -- Planning and building legislation and regulations -- Major property problems -- Repairs -- Services -- Finishes -- Redecorations -- Common alteration works -- Total project costs -- Costing assumptions -- Where to get help: useful contacts -- Location factors -- Inflation indices -- House types -- Glossary
520 ## - SUMMARY, ETC.
Summary, etc. Provides cost information and advice to help homeowners budget for repair, improvement, alteration and extension work. Contains prices for over 1 300 different types of work and around 3 500 items within defect, alterations and project costs, including kitchens, bathrooms, extensions and conservatories. Includes advice on major property problems, planning permission and Building Regulations, and employing contractors or builders.
590 ## - LOCAL NOTE (RLIN)
Local note IKA311006
651 #4 - SUBJECT ADDED ENTRY--GEOGRAPHIC NAME
Geographic name United Kingdom
Chronological subdivision
690 ## - LOCAL SUBJECT ADDED ENTRY--TOPICAL TERM (OCLC, RLIN)
Topical term or geographic name as entry element BUILT ENVIRONMENT-BUILDING COSTS
690 ## - LOCAL SUBJECT ADDED ENTRY--TOPICAL TERM (OCLC, RLIN)
Topical term or geographic name as entry element Refurbishment
9 (RLIN) 6264
942 ## - ADDED ENTRY ELEMENTS (KOHA)
Suppress in OPAC 0
Holdings
Withdrawn status Lost status Source of classification or shelving scheme Damaged status Not for loan Home library Current library Shelving location Date acquired Total Checkouts Full call number Barcode Date last seen Copy number Price effective from Koha item type Date last checked out
    Dewey Decimal Classification     London London RICS Boxes 24/10/2006   RICS 2006/34 30073343 06/08/2019 1 06/08/2019 Archive  
    Dewey Decimal Classification     London London RICS Boxes 14/04/2008   RICS 2006/34 30073344 06/08/2019 2 06/08/2019 Reference material  
    Dewey Decimal Classification     London London RICS Boxes 14/04/2008 2 RICS 2006/34 30073345 06/08/2019 3 06/08/2019 Book 08/04/2009